Normal view
MARC view
- Kanetkar, Yashavant P
Entry Personal Name
001 - CONTROL NUMBER
- control field: 113024
003 - CONTROL NUMBER IDENTIFIER
- control field: NUST
005 - DATE AND TIME OF LATEST TRANSACTION
- control field: 20230606170345.0
008 - FIXED-LENGTH DATA ELEMENTS
- fixed length control field: 230606|| aca||aabn | a|a d
040 ## - CATALOGING SOURCE
- Original cataloging agency: NUST
- Transcribing agency: NUST
100 ## - HEADING--PERSONAL NAME
- Personal name: Kanetkar, Yashavant P
670 ## - SOURCE DATA FOUND
- Source citation: Work cat.: (NUST)179924: Kanetkar, Yashavant P., Data structures through C (Include CD) / , 2003
